Rock magnetism. /

Guardado en:
Autor Principal: Nagata, Takesi.
Formato: Libro
Idioma:English
Publicado: Tokyo : Maruzen, 1961.
Etiquetas: Agregar Etiqueta
Sin Etiquetas, Sea el primero en etiquetar este registro!
LEADER 00418nam a22001455a 4500
001 EUN.um019300
003 AR-BaUNS
005 20050623122859.0
008 041125s1961####ja#a##########000#0#eng#d
245 1 0 |a Rock magnetism. /  |c Takesi Nagata. 
260 |a Tokyo :  |b Maruzen,  |c 1961. 
300 |a 350 p. :  |b ilus. ;  |c 23 cm. 
100 1 |a Nagata, Takesi. 
082 0 4 |a 549.526 
859 |a Ar-BaUNS  |b BIB. CENTRAL - Sector C  |h 549.526  |i N131  |p 1033/967